00230nam a22000977a 4500999001900000020001500019100001800034245003100052260004200083942000700125 c263796d263795 a0590120565 aClement Moore aThe night before Christmas aNew York b G.P. Putnam's Sonsc 1998 cBK